Statistiques concernant Top 50 de l'Année 2007

Cliquez ici pour prendre le quiz!

Statistiques générales

  • Ce quiz a été pris 48 fois
  • Le résultat moyen est 10 sur 50

Statistiques - réponses

ArtistesChansons% Correct
1CHRISTOPHE WILLEMDouble je
85%
5RIHANNA feat. JAY-ZUmbrella
73%
15MIKARelax (take it easy)
71%
33KOXIEGarçon
63%
34CHRISTOPHE MAEOn s'attache
63%
47KAMINIMarly-Gomont
44%
9VITAAA fleur de toi
41%
2RIHANNADon't stop the music
41%
26MELISSAElle
41%
42PATRICK FIORI, JEAN-JACQUES GOLDMAN & RICOL4 mots sur un piano
39%
18SEAN KINGSTONBeautiful girls
29%
11BEYONCE feat. SHAKIRABeautiful liar
29%
45SUPERBUSLola
29%
22ALICIA KEYSNo one
24%
25GWEN STEFANI feat. AKONThe sweet escape
22%
16NELLY FURTADOSay it right
20%
44KANYE WEST feat. DAFT PUNKStronger
17%
3TIMBALAND feat. KERI HILSON & D.O.E.The way I are
17%
8DAVID GUETTALove is gone
15%
13SHY'MVictoire
15%
12TOKIO HOTELDurch den monsun
12%
21BRITNEY SPEARSGimme more
12%
10TIMBALAND feat. NELLY FURTADOGive it to me
12%
36DIDDY feat. KEYSHIA COLELast night
12%
2950 CENT feat. JUSTIN TIMBERLAKE & TIMBALANDAyo technology
10%
38YVES LAROCKRise up
10%
32JENIFERTourner ma page
10%
6NELLY FURTADOAll good things (come to an end)
7%
46RAZORLIGHTAmerica
7%
39CHRISTOPHE MAECa fait mal
7%
41MEDHY CUSTOSElles demandent
7%
4AKON feat. SNOOP DOGGI wanna love you
7%
28CIARALike a boy
7%
23MIKALove today
7%
31SHERYFA LUNAQuelque part
7%
49FAF LARAGETa meuf
7%
14DAVID GUETTA feat. COZIBaby when the light
5%
24LORD KOSSITY feat. CHICOHotel room
5%
20MARTIN SOLVEIGRejection
5%
30JUSTIN TIMBERLAKEWhat goes around ... comes around
5%
27JAMES BLUNT1973
2%
37AKONDon't matter
2%
19PETER CINCOTTIGoodbye Philadelphia
2%
7THE PUSSYCAT DOLLSI don't need a man
2%
50BEYONCEIrreplaceable
2%
35CASSIELong way 2 go
2%
43SHY'MOublie-moi
2%
40BOB SINCLAR pres. FIREBALLWhat I want
2%
48MELISSAAvec tout mon amour
0%
17JUSTIN TIMBERLAKELovestoned
0%

Distribution des résultats

Percentile par nombre de réponses

% des personnes avec chaque résultat

Votre développement - résultats

Vous n’avez pas pris ce quiz